Santiago Rusiñol : 1861-1931 : catàleg de l'exposició organitzada amb motiu del centenari de la seva mort / per Joana Escobedo 1861-1931 :
Descripción Física:
52 p. ; 22 cm
Materias:
Rusiñol, Santiago -- Exposicions
MARC
| LEADER | 00000nam a2200000Ia 4500 | ||
|---|---|---|---|
| 001 | 7970 | ||
| 008 | 160829s1981 xx 000 0 cat d | ||
| 080 | |a L-1-338 | ||
| 100 | |a Escobedo, Joana |9 24280 | ||
| 245 | |a Santiago Rusiñol : |b 1861-1931 : |b catàleg de l'exposició organitzada amb motiu del centenari de la seva mort / per Joana Escobedo | ||
| 260 | |a Barcelona . Diputació de Barcelona : |b Biblioteca de Catalunya, |c 1981 | ||
| 300 | |a 52 p. ; |c 22 cm | ||
| 650 | |a Rusiñol, Santiago |x Exposicions |9 24281 | ||
| 710 | 1 | |a Barcelona (Catalunya : Província). |b Diputació |9 52408 | |
| 710 | 1 | |a Biblioteca de Catalunya |9 52741 | |
| 901 | |a Arxiu | ||
| 942 | |n 1 | ||
| 952 | |0 0 |1 0 |4 0 |6 L1338 |7 1 |9 43058 |a Arxiu |b Arxiu |d 2016-12-01 |l 0 |o L-1-338 |p 7970 |r 2016-12-01 00:00:00 |w 2016-12-01 |y ARXIU | ||
| 999 | |c 45602 |d 45602 | ||